• 首页
  • 本馆介绍
  • 公告通知
  • 最新文献
  • 馆藏检索
  • 电子资源
  • 读者导购
  • 参考咨询
  • 我的图书馆
  • 登录
  • 详细信息显示
  • 放入我的书架
  • 预约/预借图书
  • 作者相关作品
  • 分类相关作品
  • 丛书相关作品
  • 出版社相关作品

书目信息

  • 表格格式
  • 工作单格式
  • 卡片格式
题名:
建筑结构抗震设计
    
 
作者: ;北京建筑工程学院 , 南京工学院 编
分册:  
出版信息: 北京   地震出版社  1981
页数: 242页
开本: 25cm
丛书名:
单 册:
中图分类: TU352.1
科图分类:
主题词: 建筑结构--特殊形式
电子资源:
ISBN:
000 00780nam0 2200265 45
001 0181006477
005 20040517094827.8
010    @dCNY1.60
091    @a13180.112
100    @a19950404d1981 em y0chiy0121 ea
101 0  @achi
102    @aCN@b110000
105    @ay z 000yy
106    @ar
200 10 @a建筑结构抗震设计@Ajian zhu jie gou kang zhen she ji@f北京建筑工程学院,南京工学院编
210    @a北京@c地震出版社@d1981
215    @a242页@d25cm
300    @a高等学校试用教材
606 0  @a建筑结构@x特殊形式
690    @aTU352.1
711 02 @a北京建筑工程学院@Abei jing jian zhu gong cheng xue yuan@4编
711 02 @a南京工学院@Anan jing gong xue yuan@4编
801  0 @aCN@b上海图书馆@c20040517
801  2 @aCN@bNLC@c20040517
905    @f1@b109304@dTU352.1@e53
    
    建筑结构抗震设计/北京建筑工程学院,南京工学院编.-北京:地震出版社,1981
    242页;25cm
    高等学校试用教材
    
    ISBN :CNY1.60
    
●
相关链接 在E读中查询图书 在五车中查询图书 在当当中查询图书 在豆瓣中查询图书


正题名:建筑结构抗震设计     索取号:TU352.1/53         预约/预借

序号 登录号 条形码 馆藏地/架位号 状态 备注
1 0109304   001484922   第三借阅区/ [索取号:TU352.1/53] 在馆    
唐山师范学院图书馆 欢迎您!
大连网信软件有限公司© 版权所有